LEADER 00801nam0-2200277 --450 001 9910412860303321 005 20200826090050.0 010 $a978-88-548-6575-4 100 $a20200826d2013----km y0itay50 ba 101 0 $aita 102 $aIT 105 $ay 001yy 200 1 $aAbitanti di passaggio$eriflessioni filosofiche sull'abitare umano$fCarla Danani 210 $aRoma$cAracne$d2013 215 $a131 p.$d24 cm 225 1 $aPercorsi di etica. Saggi$v12 610 0 $aAbitazioni$aAspetti filosofici 676 $a128.4$v23$zita 700 1$aDanani,$bCarla$0558210 801 0$aIT$bUNINA$gREICAT$2UNIMARC 901 $aBK 912 $a9910412860303321 952 $aCollez. 2246 (12)$b1998/2020$fFSPBC 959 $aFSPBC 996 $aAbitanti di passaggio$91755061 997 $aUNINA LEADER 01654nam 2200529Ia 450 001 9910462122703321 005 20200520144314.0 010 $a0-7914-8885-3 035 $a(CKB)2670000000233708 035 $a(OCoLC)794928158 035 $a(CaPaEBR)ebrary10587291 035 $a(SSID)ssj0000676356 035 $a(PQKBManifestationID)11402760 035 $a(PQKBTitleCode)TC0000676356 035 $a(PQKBWorkID)10677343 035 $a(PQKB)10932407 035 $a(MiAaPQ)EBC3408092 035 $a(MdBmJHUP)muse12811 035 $a(Au-PeEL)EBL3408092 035 $a(CaPaEBR)ebr10587291 035 $a(EXLCZ)992670000000233708 100 $a20010727d2002 ub 0 101 0 $aeng 135 $aurcn||||||||| 181 $ctxt 182 $cc 183 $acr 200 14$aThe Lord who is half woman$b[electronic resource] $eArdhana?ri?s?vara in Indian and feminist perspective /$fEllen Goldberg 210 $aAlbany $cState University of New York Press$dc2002 215 $a1 online resource (210 p.) 300 $aBibliographic Level Mode of Issuance: Monograph 311 $a0-7914-5325-1 320 $aIncludes bibliographical references (p. 173-186) and index. 606 $aArdhanarisvara (Hindu deity) 606 $aSiva (Hindu deity) 608 $aElectronic books. 615 0$aArdhanarisvara (Hindu deity) 615 0$aSiva (Hindu deity) 676 $a294.5/2113 700 $aGoldberg$b Ellen$f1954-$01027066 801 0$bMiAaPQ 801 1$bMiAaPQ 801 2$bMiAaPQ 906 $aBOOK 912 $a9910462122703321 996 $aThe Lord who is half woman$92442321 997 $aUNINA